JO - Les sportifs multimédaillés - Statistiques

Statistiques générales
  • Ce quiz a été pris 87 fois
  • Le résultat moyen est 2 sur 31
Statistiques - réponses
Discipline Or Br Ar Total Sportif Pays % Correct
Natation 23 3 2 28 Michael Phelps Etats-Unis
100%
Biathlon 8 4 1 13 Ole Einar Bjorndalen Norvège
28%
Athlétisme 9 1 0 10 Carl Lewis Etats-Unis
21%
Natation 9 1 1 11 Mark Spitz Etats-Unis
16%
Natation 6 3 3 12 Ryan Lochte Etats-Unis
14%
Natation 7 3 0 10 Katie Ledecky Etats-Unis
10%
Athlétisme 7 3 1 11 Allyson Felix Etats-Unis
8%
Ski de fond 8 4 0 12 Bjorn Daehlie Norvège
5%
Gymnastique 9 5 4 18 Larisse Latynina URSS
5%
Natation 5 2 4 11 Emme Mc Keon Australie
4%
Patinage de vitesse 6 5 2 13 Ireen Wust Pays-Bas
4%
Ski de fond 8 4 3 15 Marit Bjorgen Norvège
4%
Canoé-kayak 8 4 0 12 Birgit Fisher Allemagne
3%
Athlétisme 9 3 0 12 Paavo Numi Finlande
3%
Gymnastique 5 4 4 13 Takashi Ono Japon
3%
Gymnastique 5 3 2 10 Agnes Keleti Hongrie
1%
Gymnastique 6 2 2 10 Akinori Nakayama Japon
1%
Escrime 7 1 2 10 Aladar Gerevich Hongrie
1%
Tir 5 4 2 11 Carl Osburn Etats-Unis
1%
Escrime 6 5 2 13 Edoardo Mangiarotti Italie
1%
Natation 5 3 2 10 Gary Hall Etats-Unis
1%
Equitation 7 5 0 12 Isabell Werth Allemagne
1%
Natation 8 3 1 12 Jenny Thompson Etats-Unis
1%
Natation 8 2 1 11 Matt Blondi Etats-Unis
1%
Gymnastique 7 5 3 15 Nicolai Andrianov URSS
1%
Gymnastique 5 2 3 10 Polina Astakhova URSS
1%
Gymnastique 8 3 1 12 Sawao Kato Japon
1%
Gymnastique 7 4 0 11 Vera Caslavska Tchécoslovaquie
1%
Gymnastique 7 3 1 11 Viktor Chukarin URSS
1%
Gymnastique 6 0 4 10 Vitaly Scherbo Biélorussie
1%
Gymnastique 7 4 2 13 Boris Shakhiln URSS
0%
Aucun quiz correspondant
Distribution des résultats
% des personnes avec chaque résultat
Percentile par nombre de réponses
Votre historique - résultats
Vous n’avez pas pris ce quiz